000 00328nam a2200145 a 4500
005 20141022142007.0
008 091012s19uu xx 00 eng d
050 _aAVM
100 _aJones, Leo
245 _aLet's Talk 2.
260 _bCambridge Unversity Press.
650 _aVCD
650 _aLet's Talk 2
942 _cAVM
999 _c276590
_d276590